| 000 | 00418nam a2200169Ia 4500 | ||
|---|---|---|---|
| 003 | GCL | ||
| 008 | 140319s9999 xx 000 0 eng d | ||
| 040 |
_aGCL / _cGCL |
||
| 082 | 0 | 4 |
_a939.9 _bTE |
| 100 | 1 | _aTROYES, CHRETIEN | |
| 245 | 1 | 0 |
_aEREC ET ENIDE / _cTROYES, CHRETIEN |
| 260 |
_a[S.N] : _bLE LIVRE DE POCHE ، _c1992 |
||
| 300 | _a534 | ||
| 650 | 0 | 4 | _aLITERATURE |
| 650 | 0 | 4 | _aGOTHIC LETTERS |
| 942 |
_2ddc _cBK |
||
| 999 |
_c25280 _d25280 |
||